书目信息 |
| 书名: | The great Arizona orphan abduction | |
| 作者: | Linda Gordon. | |
| 分册号: | ||
| 分册名: | 出版地: | Cambridge, Mass. : |
|
| 出版社: | Harvard University Press | |
| 出版时间: | 1999. | |
| 页数: | xii, 416 p. : | |
| 开本: | 24 cm. | |
| 丛书名: | ||
| 中图分类号: | ||
| 科图分类号: | ||
| 其他分类号: | C913 | |
| 主题词: | ||
| 电子资源: | ||
| 000 | 01617cam a2200361 a 450 | |
| 001 | E0738348609 | |
| 005 | 20070430104149.95 | |
| 008 | 990415s1999 mauab b 001 0 eng | |
| 010 | @a99030984 | |
| 020 | @a0674360419 (cloth : alk. paper). | |
| 035 | @A(DLC) 99030984 | |
| 040 | @aDLC@cDLC@dDLC | |
| 043 | @an-us-az | |
| 050 | 00 | @aF819.C55@bG67 1999 |
| 082 | 00 | @a305.8/009791/51@2 21 |
| 090 | @aC913 | |
| 099 | @dC913@ex85 | |
| 100 | 1 | @aGordon, Linda. |
| 245 | 14 | @aThe great Arizona orphan abduction / @cLinda Gordon. |
| 260 | @aCambridge, Mass. :@bHarvard University Press,@c1999. | |
| 300 | @axii, 416 p. :@bill., maps ;@c24 cm. | |
| 504 | @aIncludes bibliographical references (p. [321]-404) and index. | |
| 610 | 20 | @aCatholic Church@zArizona@zClifton@xHistory@y20th century. |
| 650 | 0 | @aVigilantes@zArizona@zClifton@xHistory@y20th century. |
| 650 | 0 | @aKidnapping@zArizona@zClifton@xHistory@y20th century. |
| 650 | 0 | @aOrphans@zArizona@zClifton@xHistory@y20th century. |
| 650 | 0 | @aMexican Americans@zArizona@zClifton@xHistory@y20th century. |
| 650 | 0 | @aWhites@zArizona@zClifton@xHistory@y20th century. |
| 651 | 0 | @aClifton (Ariz.)@xRace relations. |
| 906 | @a7@bcbc@corignew@d1@eocip@f19@gy-gencatlg | |
| 925 | 0 | @aacquire@b2 shelf copies@xpolicy default |
| 955 | @apc20 to sa00 04-15-99; sc09 to HLCD 04-16-99; lk29 (F819. C (Clifton)) 04-27-99; to SL 04-27-99; lh37 04-27-99; bk rec’d, to CIP ver. ps07 01-03-00; lh00 01-13-00; AA3d lk07 received for CIP verification Mar 18, 2000; lk18 03-20-00; to BCCD 03-20-00; lb16 08-22-00 added copy 2 | |
| 984 | @agsl | |
| The great Arizona orphan abduction / / Linda Gordon.-Cambridge, Mass. : : Harvard University Press, , 1999. |
| xii, 416 p. : : ill., maps ; ; 24 cm. |
| Includes bibliographical references (p. [321]-404) and index. |
| ISBN 0674360419 (cloth : alk. paper). |
| ● |
| 相关链接 |
|
|
|
|
正题名:great Arizona orphan abduction
索取号:C913/x85
 
预约/预借
| 序号 | 登录号 | 条形码 | 馆藏地/架位号 | 状态 | 备注 |
| 1 | 5968 | 300059683 | 第二样本阅览室/ [索取号:C913/x85] | 在馆 | |
| 2 | 5969 | 300059692 | 第四借阅区/ [索取号:C913/x85] | 在馆 |